Mahatma Gandhi (Record no. 2712)

MARC details
000 -LEADER
fixed length control field 00462cam a2200193ua 4500
001 - CONTROL NUMBER
control field 2865
005 - DATE AND TIME OF LATEST TRANSACTION
control field 20260515113608.0
008 - FIXED-LENGTH DATA ELEMENTS--GENERAL INFORMATION
fixed length control field 110913n ii |||gr||||Z||||||asm
040 ## - CATALOGING SOURCE
Transcribing agency MAIN
082 ## - DEWEY DECIMAL CLASSIFICATION NUMBER
Classification number 920
100 1# - MAIN ENTRY--PERSONAL NAME
Personal name Dutta, Hem Chandra,
Relator term Author.
245 11 - TITLE STATEMENT
Title Mahatma Gandhi
Statement of responsibility, etc. by Hem Chandra Dutta
250 ## - EDITION STATEMENT
Edition statement 2nd.
260 ## - PUBLICATION, DISTRIBUTION, ETC.
Place of publication, distribution, etc. Jorhat:
Name of publisher, distributor, etc. Labanya Dutta,968-69.
300 ## - PHYSICAL DESCRIPTION
Extent 281p:
Dimensions 23cm.
653 ## - INDEX TERM--UNCONTROLLED
Uncontrolled term Biography
653 ## - INDEX TERM--UNCONTROLLED
Uncontrolled term Mahatma Gandhi
942 ## - ADDED ENTRY ELEMENTS (KOHA)
Koha item type Books
Holdings
Withdrawn status Lost status Damaged status Not for loan Home library Current library Shelving location Date acquired Total checkouts Full call number Barcode Date last seen Copy number Price effective from Koha item type
        Naharkatiya College Library Naharkatiya College Library General stacks 09/19/2020   920 | DUT 8733 09/19/2020 1 09/19/2020 Books